Work psychology : (Record no. 48849)
[ view plain ]
| 000 -LEADER | |
|---|---|
| fixed length control field | 00909cam a22002418a 4500 |
| 001 - CONTROL NUMBER | |
| control field | vtls003234132 |
| 003 - CONTROL NUMBER IDENTIFIER | |
| control field | MY-SjTCS |
| 005 - DATE AND TIME OF LATEST TRANSACTION | |
| control field | 20200226105137.0 |
| 008 - FIXED-LENGTH DATA ELEMENTS--GENERAL INFORMATION | |
| fixed length control field | 120712s2010 enk 000 0 eng |
| 020 ## - INTERNATIONAL STANDARD BOOK NUMBER | |
| International Standard Book Number | 9780273711216 (pbk.) |
| 035 ## - SYSTEM CONTROL NUMBER | |
| System control number | 16073213 |
| 039 #9 - LEVEL OF BIBLIOGRAPHIC CONTROL AND CODING DETAIL [OBSOLETE] | |
| Level of rules in bibliographic description | 201209201136 |
| Level of effort used to assign nonsubject heading access points | shuhada |
| Level of effort used to assign subject headings | 201209131722 |
| Level of effort used to assign classification | shuhada |
| Level of effort used to assign subject headings | 201209131722 |
| Level of effort used to assign classification | shuhada |
| Level of effort used to assign subject headings | 201209131716 |
| Level of effort used to assign classification | shuhada |
| -- | 201207121647 |
| -- | malathy |
| 082 04 - DEWEY DECIMAL CLASSIFICATION NUMBER | |
| Classification number | 158.7 |
| Item number | ARN 2010 |
| 100 1# - MAIN ENTRY--PERSONAL NAME | |
| Personal name | Arnold, John, |
| Dates associated with a name | 1958- |
| 9 (RLIN) | 18512 |
| 245 10 - TITLE STATEMENT | |
| Title | Work psychology : |
| Remainder of title | understanding human behaviour in the workplace / |
| Statement of responsibility, etc. | John Arnold and Ray Randall ; with Fiona Patterson .. [et al.]. |
| 250 ## - EDITION STATEMENT | |
| Edition statement | 5th ed. |
| 260 ## - PUBLICATION, DISTRIBUTION, ETC. | |
| Place of publication, distribution, etc. | Harlow, England : |
| Name of publisher, distributor, etc. | Financial Times Prentice Hall, |
| Date of publication, distribution, etc. | 2010. |
| 650 #0 - SUBJECT ADDED ENTRY--TOPICAL TERM | |
| Topical term or geographic name entry element | Psychology, Industrial. |
| 9 (RLIN) | 716 |
| 650 #0 - SUBJECT ADDED ENTRY--TOPICAL TERM | |
| Topical term or geographic name entry element | Work |
| General subdivision | Psychological aspects. |
| 9 (RLIN) | 7980 |
| 700 1# - ADDED ENTRY--PERSONAL NAME | |
| Personal name | Randall, Ray. |
| 9 (RLIN) | 63326 |
| 700 1# - ADDED ENTRY--PERSONAL NAME | |
| Personal name | Patterson, Fiona. |
| 9 (RLIN) | 64589 |
| 920 ## - Programme | |
| Programme | MIM : 186148, 186147 |
| Withdrawn status | Lost status | Source of classification or shelving scheme | Damaged status | Not for loan | Home library | Current library | Date acquired | Cost, normal purchase price | Total Checkouts | Total Renewals | Barcode | Date last seen | Date last checked out | Copy number | Uniform Resource Identifier | Cost, replacement price | Koha item type | Public note |
|---|---|---|---|---|---|---|---|---|---|---|---|---|---|---|---|---|---|---|
| Dewey Decimal Classification | Taylor's Library-TU | Taylor's Library-TU | 12/09/2012 | 238.00 | 3 | 1 | 5000136562 | 04/09/2024 | 06/08/2024 | 1 | Floor 3, Shelf 3 , Side 1, TierNo 3, BayNo 1 | 238.00 | Main Collection | TBSxx,44002,03,RA | ||||
| Dewey Decimal Classification | Taylor's Library-TU | Taylor's Library-TU | 19/09/2012 | 238.00 | 5000136156 | 05/12/2019 | 1 | Floor 3, Shelf 3 , Side 1, TierNo 3, BayNo 1 | 238.00 | Graduate Collection | TBSxx,44002,03,RM |